000 02306cam a2200217 a 4500
999 _c5301
_d5301
020 _a0030196043
050 0 0 _aHB615
_b.K87
100 1 _aKuratko, Donald F.
245 1 0 _aEntrepreneurship :
_ba contemporary approach /
_cDonald F. Kuratko, Richard M. Hodgetts.
250 _a5th ed.
260 _aFort Worth :
_bHarcourt College Publishers,
_cc2001.
300 _axix, 722 p. :
_bill. ;
_c28 cm.
440 4 _aThe Harcourt College Publishers series in entrepreneurship
500 _aIncludes index
505 _aPart I. The Contemporary World of Entrepreneurship -- Chapter 1. The Entrepreneurial Revolution -- Chapter 2. Entrepreneurship: An Evolving Concept -- Chapter 3. Entrepreneurship: Developing Entrepreneurship in the Corporation -- Part II. The Entrepreneurial Perspective -- Chapter 4. Understanding the Entrepreneurial Perspective in Individuals -- Chapter 5. Developing Creativity and Understanding Innovation -- Chapter 6. Ethical and Social Responsibility Challenges for Entrepreneurs -- Part III. Developing the Entrepreneurial Plan -- Chapter 7. Environmental Assessment: Preparation for a New Venture -- Chapter 8. Marketing Research for New Ventures -- Chapter 9. Financial Preparation for Entrepreneurial Ventures -- Chapter 10. Developing an Effective Business Plan -- Part IV. Initiating Entrepreneurial Ventures -- Chapter 11. Assessment and Evaluation of Entrepreneurial Opportunities -- Chapter 12. Legal Structures for New Business Ventures -- Chapter 13. Legal Issues Related to Emerging Ventures -- Chapter 14. Sources of Capital for Entrepreneurs -- Part V. Growth and Development of Entrepreneurial Ventures -- Chapter 15. Strategic Planning for Emerging Ventures -- Chapter 16. Managing Entrepreneurial Growth -- Chapter 17. Global Opportunities for Entrepreneurs -- Part VI. Contemporary Challenges in Entrepreneurship -- Chapter 18. Valuation of Business Ventures -- Chapter 19. Management Succession and Continuity: A Family Business Perspective -- Chapter 20. Minority Entrepreneurship -- Chapter 21. Total Quality and the Human Factor: Continuous Challenges for Entrepreneurs.
650 0 _aEntrepreneurship
650 0 _aNew business enterprises
650 0 _aSmall business
700 1 _aHodgetts, Richard M.
942 _cBK